000 00784nam a22002777a 4500
008 130618b xxu||||| |||| 00| 0 eng d
020 _a978-0-07-462320-6
024 _cAvailable
037 _cAvailable
040 _aMBSTU LIBRARY
_dMBSTU LIBRARY
082 _222
_a576 PEM
100 _aPelczar, Michael J.
110 _aE.C,S, Chan and Nael R Krieg.
245 _aMicrobiology.
250 _a5th
260 _aNew Delhi
_bTata McGraw-Hill.
_c1986
300 _a24 cm.
_bviii, 918 page
_f5
_g24 cm.
600 _2Microbiology.
650 _2Microbiology.
700 _aPelczar, Michael J.
710 _aE.C,S, Chan and Nael R Krieg.
270 _aNew Delhi
_bNew Delhi
_dIndia
365 _b888.00
_d888.00
942 _2ddc
_cBK
999 _c494
_d494